Automatic control.

Bibliographic Details
New Title:Data systems engineering
Format: Journal
Language:English
Published: New York : Reinhold Pub. Corp. [etc.]
Subjects:

MARC

Tag First Indicator Second Indicator Subfields
LEADER 00000cas a2200000 4500
001 in00000064230
005 20151008051751.0
008 760324d19541963nyumr p 0uuua0eng d
035 |a (OCoLC)02066225 
035 |9 AAG9858AM 
040 |a DLC  |c KSU  |d UCU  |d IUL  |d TXA  |d UtOrBLW 
049 |a TXAE 
050 0 0 |a T59.5  |b .A8 
082 0 |a 621.8 
245 0 0 |a Automatic control. 
264 1 |a New York :  |b Reinhold Pub. Corp. [etc.] 
300 |a 18 volumes :  |b illustrations ;  |c 30 cm.  |a monthly. 
336 |a text  |b txt  |2 rdacontent 
337 |a unmediated  |b n  |2 rdamedia 
338 |a volume  |b nc  |2 rdacarrier 
362 0 |a v. 1-18, no. 5; July 1954-June 1963. 
650 0 |a Automatic control  |v Periodicals. 
785 0 0 |t Data systems engineering 
999 |a MARS 
999 f f |s 491cdfca-e6c1-3f7d-aa44-1ce33d028c46  |i 6cf1ccc8-d18e-321f-98fa-a88f402cb3d6  |t 0 
952 f f |p ric  |a Texas A&M University  |b Rellis Campus  |c Joint Library Facility  |d Remote Storage  |t 0  |e T59.5 .A8  |h Library of Congress classification  |i unmediated -- volume  |k v.2-3  |l 1955  |m A14842279193 
952 f f |p ric  |a Texas A&M University  |b Rellis Campus  |c Joint Library Facility  |d Remote Storage  |t 0  |e T59.5 .A8  |h Library of Congress classification  |i unmediated -- volume  |k v.4-5  |l 1956  |m A14842279201 
952 f f |p ric  |a Texas A&M University  |b Rellis Campus  |c Joint Library Facility  |d Remote Storage  |t 0  |e T59.5 .A8  |h Library of Congress classification  |i unmediated -- volume  |k v.1  |l 1954  |m A14842279086 
952 f f |p ric  |a Texas A&M University  |b Rellis Campus  |c Joint Library Facility  |d Remote Storage  |t 0  |e T59.5 .A8  |h Library of Congress classification  |i unmediated -- volume  |k v.9  |l 1958  |m A14842279078 
952 f f |p ric  |a Texas A&M University  |b Rellis Campus  |c Joint Library Facility  |d Remote Storage  |t 0  |e T59.5 .A8  |h Library of Congress classification  |i unmediated -- volume  |k v.6-7  |l 1957  |m A14842278955 
952 f f |p ric  |a Texas A&M University  |b Rellis Campus  |c Joint Library Facility  |d Remote Storage  |t 0  |e T59.5 .A8  |h Library of Congress classification  |i unmediated -- volume  |k v.8  |l 1958  |m A14827481119 
952 f f |p ric  |a Texas A&M University  |b Rellis Campus  |c Joint Library Facility  |d Remote Storage  |t 0  |e T59.5 .A8  |h Library of Congress classification  |i unmediated -- volume  |k v.10  |l 1959  |m A14842278963 
952 f f |p ric  |a Texas A&M University  |b Rellis Campus  |c Joint Library Facility  |d Remote Storage  |t 0  |e T59.5 .A8  |h Library of Congress classification  |i unmediated -- volume  |k v.7  |l 1958  |m A14842279185 
998 f f |a T59.5 .A8  |s v.1 (1954)-v.10 (1959)  |t 0  |l Remote Storage